[Event "URS-ch46 First League"]
[Site "Ashkhabad"]
[Date "1978.??.??"]
[Round "16"]
[White "Razuvaev, Yuri S"]
[Black "Kapengut, Albert Z"]
[Result "1/2-1/2"]
[WhiteElo "2460"]
[BlackElo "2465"]
[Annotator "Bulletin"]
[PlyCount "44"]
[EventDate "1978.10.??"]
[EventType "tourn"]
[EventRounds "17"]
[EventCountry "URS"]
[EventCategory "10"]
[SourceTitle "MCL"]
[Source "ChessBase"]
[SourceDate "1999.07.01"]
[SourceVersion "1"]
[SourceVersionDate "1999.07.01"]
[SourceQuality "1"]

1. c4 e5 2. Nc3 Nf6 3. Nf3 Nc6 4. g3 Bb4 5. Bg2 O-O 6. O-O e4 7. Ne1 Bxc3 8.
dxc3 h6 (8... Re8) 9. Nc2 Re8 (9... b6 10. Ne3 Bb7 11. Nd5 Ne5 12. b3 Re8 13.
a4 d6 $10 {Kortschnoj,V-Karpov, An (9)/Wch-Moscow/1974/}) 10. Ne3 d6 11. Nd5 (
11. Qc2 a5 12. Rd1 b6 13. b3 Rb8 14. a4 Ne5 15. Nd5 Nxd5 $10 {Kortschnoj,
V-Mecking,H/cm/1974/}) 11... Bf5 12. Bf4 Nxd5 13. cxd5 Ne5 14. Bxe5 Rxe5 15. f4
exf3 16. exf3 Qd7 17. Qd2 Rae8 18. Rae1 Bh3 19. Rxe5 Rxe5 20. Re1 Rxe1+ 21.
Qxe1 Bxg2 22. Kxg2 Kf8 1/2-1/2

[Event "Hoogovens"]
[Site "Wijk aan Zee"]
[Date "1984.01.24"]
[Round "9"]
[White "Adorjan, Andras"]
[Black "Huebner, Robert"]
[Result "1/2-1/2"]
[WhiteElo "2570"]
[BlackElo "2620"]
[Annotator "Bulletin"]
[PlyCount "25"]
[EventDate "1984.01.13"]
[EventType "tourn"]
[EventRounds "13"]
[EventCountry "NED"]
[EventCategory "13"]
[SourceTitle "MCL"]
[Source "ChessBase"]
[SourceDate "1999.07.01"]
[SourceVersion "1"]
[SourceVersionDate "1999.07.01"]
[SourceQuality "1"]

1. c4 e5 2. Nc3 Nf6 3. Nf3 Nc6 4. g3 Bb4 5. Nd5 Nxd5 6. cxd5 Nd4 7. Nxd4 exd4
8. Qc2 Qe7 9. Bg2 Ba5 $5 10. O-O O-O (10... Qxe2 $2 11. b4 $1 Bxb4 (11... Bb6
12. a4 a6 13. Bb2 O-O 14. Rae1 Qg4 15. a5 Ba7 16. Qxc7 $18) 12. Ba3 Qxd2 13.
Qe4+ Kd8 14. d6 $1 $18) (10... Bb6) 11. e3 (11. e4 c6 $1 $10) 11... c5 $1 12.
exd4 cxd4 13. d3 1/2-1/2

[Event "URS-ch46 First League"]
[Site "Ashkhabad"]
[Date "1978.??.??"]
[Round "3"]
[White "Makarichev, Sergey"]
[Black "Kapengut, Albert Z"]
[Result "1/2-1/2"]
[WhiteElo "2495"]
[BlackElo "2465"]
[Annotator "Bulletin"]
[PlyCount "59"]
[EventDate "1978.10.??"]
[EventType "tourn"]
[EventRounds "17"]
[EventCountry "URS"]
[EventCategory "10"]
[SourceTitle "MCL"]
[Source "ChessBase"]
[SourceDate "1999.07.01"]
[SourceVersion "1"]
[SourceVersionDate "1999.07.01"]
[SourceQuality "1"]

1. c4 e5 2. Nc3 Nf6 3. Nf3 Nc6 4. g3 Bb4 5. Bg2 O-O 6. O-O e4 7. Ne1 Bxc3 8.
dxc3 Re8 $6 (8... h6 9. Nc2 d6 10. Ne3 Re8 11. Qc2 $14) 9. Bg5 a6 10. Bxf6 Qxf6
11. Nc2 d6 12. Ne3 Re5 (12... Bf5 13. f4 $16) 13. Qd2 $6 (13. Qb3 $1 Rb8 14.
Rad1 b6 15. Qc2 Bf5 16. Rd5 $1 $16) 13... Bf5 14. Nd5 Qd8 15. f4 exf3 16. exf3
Re8 17. b3 Qd7 18. Rae1 Ne7 19. f4 Nxd5 20. Bxd5 Bh3 21. Bg2 Bxg2 22. Qxg2 Qc6
23. Qd5 Qxd5 24. cxd5 Kf8 25. Kf2 Rxe1 26. Rxe1 Re8 27. Rxe8+ Kxe8 28. Ke3 f5
29. Kd4 Kd7 30. c4 1/2-1/2

[Event "BCF-ch 79th"]
[Site "Plymouth"]
[Date "1992.??.??"]
[Round "10"]
[White "Webster, Andrew"]
[Black "Hodgson, Julian M"]
[Result "0-1"]
[WhiteElo "2330"]
[BlackElo "2535"]
[Annotator "Bulletin"]
[PlyCount "62"]
[EventDate "1992.08.??"]
[EventType "swiss"]
[EventRounds "11"]
[EventCountry "ENG"]
[SourceTitle "CBM 030 Extra"]
[Source "ChessBase"]
[SourceDate "1992.11.01"]
[SourceVersion "1"]
[SourceVersionDate "1992.11.01"]
[SourceQuality "1"]

1. c4 e5 2. g3 Nf6 3. Bg2 d5 4. cxd5 Nxd5 5. Nc3 Nb6 6. Nf3 Nc6 7. O-O Be7 8.
a3 a5 9. d3 O-O 10. Be3 Be6 11. Qc1 $6 Nd4 12. Bxd4 exd4 13. Ne4 (13. Nb5 c5
14. b4 axb4 15. axb4 Rc8 16. Na7 Ra8 17. Nb5 $10 {[ Hodgson ]}) 13... a4 14.
Nc5 Bc8 $6 (14... Bd5 $1 $15 15. Ne1 Bxg2 16. Nxg2 Qd5) 15. b4 $10 axb3 16.
Nxb3 Bf6 17. Nfd2 g6 18. Ne4 Bg7 19. Nec5 Nd5 20. a4 Nc3 21. Re1 Re8 22. Qc2 {
[ 22.Bf3 ]} c6 23. a5 Qc7 24. Na4 (24. Bf3 $1 {[ /\ Na4 ]}) 24... Be6 25. Nxd4
$2 {[ In a quiet position where he has reasonable chances White initiates
tactics and comes off worst ]} (25. Nac5 $10) 25... Qxa5 $1 26. Nxe6 $2 {
[ Missing Black's amazing reply ]} (26. Nxc3 Qxa1 27. Rxa1 Rxa1+ 28. Nd1 Bxd4
29. e3 Rea8 $1 30. exd4 (30. Bf3 R8a2 $19) 30... R8a2 $19) 26... Nxe2+ $1 {[#]}
27. Rxe2 Bxa1 {[ White cannot hold his hanging knights ]} 28. Nec5 Rxe2 29.
Qxe2 Bd4 30. Qe7 Qd2 31. Ne4 Qd1+ 0-1

[Event "Yerevan"]
[Site "Yerevan"]
[Date "1989.??.??"]
[Round "?"]
[White "Azmaiparashvili, Zurab"]
[Black "Akopian, Vladimir Eduardovic"]
[Result "0-1"]
[WhiteElo "2560"]
[BlackElo "2520"]
[Annotator "Bulletin"]
[PlyCount "84"]
[EventDate "1989.05.??"]
[EventType "tourn"]
[EventRounds "11"]
[EventCountry "URS"]
[EventCategory "12"]
[SourceTitle "CBM 014"]
[Source "ChessBase"]
[SourceDate "1990.02.01"]
[SourceVersion "1"]
[SourceVersionDate "1990.02.01"]
[SourceQuality "1"]

1. c4 e5 2. Nc3 Nf6 3. Nf3 Nc6 4. g3 g6 5. Bg2 Bg7 6. d4 $5 exd4 7. Nxd4 O-O 8.
O-O Nxd4 9. Qxd4 d6 10. Qd2 Rb8 11. b3 a6 12. Bb2 b5 13. cxb5 axb5 14. Rfd1 Re8
15. Nd5 Bb7 16. Bxf6 Bxf6 17. Rac1 Bxd5 (17... c5 $5 18. Nxf6+ (18. e3 Be5)
18... Qxf6 19. Qxd6 Qxd6 20. Rxd6 Bxg2 21. Kxg2 Rxe2 22. Rxc5 Rxa2 23. Rdd5 Rb2
$10) 18. Bxd5 Kg7 $2 {/\ 18...c5} 19. Rc6 $1 Rb6 20. Rdc1 Rxc6 21. Rxc6 Qe7 22.
e4 $6 (22. e3 $1 Ra8 23. Rxc7 Qxc7 24. Bxa8 $16) 22... Ra8 23. Rxc7 Qxc7 24.
Bxa8 Qc5 25. Bd5 b4 26. Qf4 h5 27. Kg2 Qb6 28. h3 Qc5 29. h4 Qb6 30. g4 hxg4
31. Qxg4 Qd8 32. h5 Bd4 33. hxg6 fxg6 34. f4 Qc7 35. Bc4 Qe7 36. Kf3 Qf6 37.
Qd7+ Kf8 38. Qc8+ Kg7 39. Qb7+ Kh6 40. Bg8 Qg7 41. Qxb4 {>= 41.Qc8} Bc5 42. Qb8
$4 Qb2 0-1

[Event "World-ch33-KK4 Kasparov-Karpov +4-4=16"]
[Site "Seville"]
[Date "1987.10.19"]
[Round "4"]
[White "Kasparov, Garry"]
[Black "Karpov, Anatoly"]
[Result "1-0"]
[WhiteElo "2740"]
[BlackElo "2700"]
[Annotator "Bulletin"]
[PlyCount "81"]
[EventDate "1987.10.12"]
[EventType "match"]
[EventRounds "24"]
[EventCountry "ESP"]
[SourceTitle "MainBase"]
[Source "ChessBase"]
[SourceDate "1999.07.01"]
[SourceVersion "2"]
[SourceVersionDate "1999.07.01"]
[SourceQuality "1"]

1. c4 Nf6 2. Nc3 e5 3. Nf3 Nc6 4. g3 Bb4 5. Bg2 O-O 6. O-O e4 7. Ng5 Bxc3 8.
bxc3 Re8 9. f3 exf3 (9... e3 10. d3 $1 d5 11. Qb3 $1 $14) 10. Nxf3 Qe7 $6 (
10... d5 11. cxd5 Qxd5 12. Nd4 Qh5 13. Nxc6 bxc6 14. e3 $13) 11. e3 Ne5 {
N; 11...d6+/= - 16/47} 12. Nd4 $1 (12. Nxe5 Qxe5 13. Rb1 (13. Qf3 d6 14. Qf4
Qh5) 13... Rb8 14. e4 {/\} (14. Rb5 {/\ d3}) (14. d3 d5 15. cxd5 Nxd5 16. d4 (
16. Qb3 Be6 17. c4 $13 (17. d4 $5 {/\ c4})) 16... Qe6 17. Qd3 Nf6 18. c4 $14)
14... Nxe4 $2 15. Re1 Qf5 16. Qe2 $18) 12... Nd3 (12... Nxc4 13. e4 (13. Nf5
Qe5 14. d3 Nd6 $13 (14... Qxc3 $2 15. Rb1 $16)) 13... d6 (13... Nxe4 14. Bxe4
Qxe4 15. d3 $16) 14. d3 c5 15. Nc2 $1 {/\ Bg5, Ne3~/=}) 13. Qe2 (13. Nf5 $5)
13... Nxc1 14. Raxc1 d6 15. Rf4 c6 16. Rcf1 Qe5 (16... Be6 17. Rxf6 $1 gxf6 18.
Be4 Qf8 (18... f5 19. Bxf5 Bxf5 20. Nxf5 Qf6 21. Qh5 $36) (18... Bxc4 19. Bxh7+
Kxh7 20. Qh5+ Kg8 21. Nf5 Qf8 22. Rf4 $18) 19. Qh5 Qg7 20. Rf4 $16) 17. Qd3 $1
Bd7 (17... Rf8 $5 18. Nf5 Bxf5 19. Rxf5 Qe7 {/\ Nd7}) 18. Nf5 Bxf5 19. Rxf5 Qe6
20. Qd4 Re7 21. Qh4 (21. Rxf6 gxf6 22. Rxf6 Qe5 23. Rxd6 (23. Qg4+ Kh8 24. Rf5
Qe6 25. Qf4 Rg8) 23... Qxd4 24. cxd4 $44) 21... Nd7 22. Bh3 Nf8 23. R5f3 (23.
Rb5 $5 Ng6 24. Bxe6 Nxh4 25. Rxf7 $1 Rxe6 26. Rbxb7 Ng6 27. Rxg7+ Kf8 28. Rbf7+
Ke8 29. Rxh7 $16) 23... Qe5 24. d4 Qe4 25. Qxe4 Rxe4 26. Rxf7 Rxe3 27. d5 $1
Rae8 (27... Rxc3 $4 28. Rxf8+ $18) 28. Rxb7 $2 (28. c5 $1 dxc5 29. d6 Rd3 30.
d7 Rd8 31. Re7 Nxd7 32. Be6+ Kh8 33. Bxd7 $18) 28... cxd5 29. cxd5 R3e7 30.
Rfb1 h5 (30... Kf7 {>=; /\ Kf6-e5}) 31. a4 $1 g5 32. Bf5 (32. a5 {>=} g4 33.
Bf1 $18) 32... Kg7 33. a5 Kf6 34. Bd3 Rxb7 35. Rxb7 Re3 36. Bb5 Rxc3 37. Rxa7
Ng6 38. Rd7 Ne5 39. Rxd6+ Kf5 40. a6 Ra3 41. Rd8 1-0

[Event "POL-ch 52nd"]
[Site "Warsaw"]
[Date "1995.??.??"]
[Round "11"]
[White "Schmidt, Wlodzimierz"]
[Black "Gdanski, Jacek"]
[Result "0-1"]
[WhiteElo "2475"]
[BlackElo "2490"]
[Annotator "Bulletin"]
[PlyCount "56"]
[EventDate "1995.02.11"]
[EventType "tourn"]
[EventRounds "17"]
[EventCountry "POL"]
[EventCategory "8"]
[SourceTitle "EXT 1999"]
[Source "ChessBase"]
[SourceDate "1998.11.16"]
[SourceVersion "1"]
[SourceVersionDate "1998.11.16"]
[SourceQuality "1"]

1. c4 e5 2. Nc3 Bb4 3. g3 Bxc3 4. bxc3 Nf6 5. Bg2 O-O 6. Nf3 e4 7. Nd4 Nc6 8.
O-O Nxd4 9. cxd4 d5 10. d3 dxc4 11. dxc4 Re8 12. Rb1 b6 13. Bg5 h6 14. Bxf6
Qxf6 15. f4 Ba6 16. Rc1 c5 17. d5 b5 18. cxb5 Bxb5 19. Re1 Rac8 20. a4 Bd7 $1 (
20... Ba6 21. Bh3) 21. Rc4 Bf5 22. e3 Qg6 23. Qc2 h5 24. Rc1 h4 25. gxh4 $2 (
25. Kf2) 25... Red8 26. Rxc5 Rxc5 27. Qxc5 Bh3 28. Rc2 $4 (28. Qc2 Rc8 29.
Qxc8+ Bxc8 30. Rxc8+ Kh7 31. Rc4 (31. Re8 $2 f5 32. Re6 Qh5) 31... f5 32. Rd4
Qd6) 28... Rb8 0-1

[Event "World-ch33-KK4 Kasparov-Karpov +4-4=16"]
[Site "Seville"]
[Date "1987.11.23"]
[Round "16"]
[White "Kasparov, Garry"]
[Black "Karpov, Anatoly"]
[Result "0-1"]
[WhiteElo "2740"]
[BlackElo "2700"]
[Annotator "Bulletin"]
[PlyCount "81"]
[EventDate "1987.10.12"]
[EventType "match"]
[EventRounds "24"]
[EventCountry "ESP"]
[SourceTitle "MainBase"]
[Source "ChessBase"]
[SourceDate "1999.07.01"]
[SourceVersion "2"]
[SourceVersionDate "1999.07.01"]
[SourceQuality "1"]

1. c4 e5 2. Nc3 Nf6 3. Nf3 Nc6 4. g3 Bb4 5. Bg2 O-O 6. O-O Re8 7. d3 Bxc3 8.
bxc3 e4 9. Nd4 h6 10. dxe4 $1 {N; 10.Qc2 - 36/39} (10. c5) (10. Nxc6) 10...
Nxe4 11. Qc2 d5 $1 {Podgaets,M} 12. cxd5 (12. Nb5 Bf5 13. cxd5 Nxg3 14. e4 Nxf1
15. exf5 (15. dxc6 Bxe4 16. Bxe4 Qh4) 15... Re1 16. Bxf1 Qxd5 {|^ /\} 17. Nxc7
Qc4 $19) 12... Qxd5 13. e3 (13. Rd1 Bf5 14. Nxf5 (14. f3 Nf2) 14... Qxf5 15. f3
Nxg3 $13) 13... Na5 $5 $10 (13... Nxd4 $5 14. cxd4 c6 15. Bb2 Bf5 16. f3 $6
Nxg3 17. e4 Nxe4 18. fxe4 Bxe4) 14. f3 Nd6 15. e4 Qc5 16. Be3 Ndc4 17. Bf2 Qe7
18. Rad1 (18. Rae1 {/\ |^>>}) (18. f4) 18... Bd7 19. f4 Rad8 20. e5 Bg4 $13 21.
Nf5 $5 Qe6 (21... Bxf5 22. Qxf5 Nd2 23. Rfe1 c5 24. Qc2 $1 $16) 22. Rxd8 Rxd8
23. Nd4 Qc8 $1 (23... Qe8 $14) 24. f5 $6 (24. Re1 c5 25. Nf3 Bxf3 (25... Bf5
26. Qc1 b6 27. Nh4 $13) 26. Bxf3 Rd2 27. Qe4 Rxa2 28. f5 Qc6 29. Qg4 $13) (24.
Be4 c5 25. Nf5 Qd7 26. Bxc5 Nd2 27. Ne7+ Kh8 28. Bd5 Nxf1 $6 (28... Qb5 $1) 29.
Bxf7 Qd3 30. Qxd3 Rxd3 31. Ng6+ $10) 24... c5 (24... Nxe5 $6 25. h3 c5 26. hxg4
cxd4 27. Qe4 $36) 25. Qe4 cxd4 26. Qxg4 Nxe5 (26... dxc3 $1 27. e6 (27. Bd4
Nxe5 $1 $17) 27... Ne5 {/\ f6-/+}) (26... Ne3 $5 27. Bxe3 dxe3 28. e6 (28. Qe4
Qc5 29. Re1 Nc4 $13) 28... f6 29. Qf3 Qxc3 $13) 27. Qe2 (27. Qe4 $5 Nec4 28.
Bxd4 Nd2 29. Qg4 Rxd4 30. cxd4 Nxf1 31. Bxf1 Nc6 $15) 27... Nec6 28. cxd4 Nxd4
29. Bxd4 $6 (29. Qe4) (29. Qg4) 29... Rxd4 $15 30. f6 Qe6 31. Qb2 (31. Qxe6 $1
fxe6 32. Bh3 Rd6 $15) (31. Qf2 Qxf6 32. Qxf6 gxf6 33. Rxf6 Rd1+ 34. Bf1 Nc4 $17
) 31... Qe3+ 32. Kh1 b6 $17 33. fxg7 Nc4 34. Qc2 Kxg7 35. Bd5 Nd6 36. Qb2 Qe5
37. Bb3 a5 38. Qf2 f5 39. Qb2 b5 40. a3 Kg6 41. Qf2 (41. Qf2 Rd3 $19) (41. Qf2
a4 $19) 0-1

[Event "EU-ch 11th"]
[Site "Rijeka"]
[Date "2010.03.10"]
[Round "5"]
[White "Bareev, Evgeny"]
[Black "Stocek, Jiri"]
[Result "1/2-1/2"]
[WhiteElo "2667"]
[BlackElo "2591"]
[Annotator "CB"]
[PlyCount "121"]
[EventDate "2010.03.06"]
[EventType "swiss"]
[EventRounds "11"]
[EventCountry "CRO"]
[SourceTitle "CBM 136"]
[Source "ChessBase"]
[SourceDate "2010.05.18"]
[SourceVersion "1"]
[SourceVersionDate "2010.05.18"]
[SourceQuality "1"]

1. c4 Nf6 2. Nc3 e5 3. Nf3 Nc6 4. g3 Bc5 5. Bg2 d6 6. O-O O-O 7. e3 a6 8. a3 h6
9. b4 Ba7 10. d3 Be6 11. Bb2 Qd7 12. Qc2 Ne7 13. Rfd1 Bh3 14. Bh1 Nf5 15. c5
Rfe8 16. e4 Ne7 17. d4 exd4 18. Nxd4 Ng6 19. Nf5 Ne5 20. Nd5 Nxd5 21. Rxd5 Bxf5
22. exf5 Qe7 23. Rxe5 dxe5 24. Bxb7 Rad8 25. Bxa6 Qg5 26. Re1 Qd2 27. Qc3 Rd4
28. Bb5 Rb8 29. Rxe5 Qxc3 30. Bxc3 Rd1+ 31. Bf1 Rc1 32. Bd4 Rd8 33. Be3 Ra1 34.
Kg2 Rxa3 35. Re7 Bb8 36. f6 Ra4 37. b5 Kf8 38. c6 gxf6 39. Bc5 Kg7 40. Rd7 Rc8
41. Be2 Re4 42. Bd3 Ra4 43. Be3 Rb4 44. Be2 Kg6 45. Bc5 {#White's winning plan
is to position one bishop to hit on f7 and the other to attack f8, preventing
the rook from protecting the f7 pawn. Black's sole rook in the battlefield can
only delay this but not prevent it, and black will be forced to return an
exchange, sealing his fate.} Ra4 46. Rd5 {This move, taking the rook away from
its dream post, is a sure sign Bareev has lost the thread of the position.} (
46. Bf3 Rc4 47. Be3 Rc3 (47... Rb4 48. Bd5 Rxb5 49. Bxf7+ Kf5 (49... Kh7 50.
Bc4+) 50. Kf3 {threatening g4+ and Bf4 mate.} h5 51. h3 {and the mate is
unstoppable.}) 48. Bd5 Rf8 49. Bd2 {followed by Bb4}) 46... Kg7 47. Bh5 Re4 48.
Bd4 Rce8 49. Rd7 Rxd4 50. Rxd4 Re5 51. g4 Kf8 52. f4 Re2+ 53. Kf1 Ba7 54. Ra4
Rf2+ 55. Ke1 Bb6 56. Ra8+ Ke7 57. f5 Rxh2 58. Rh8 Rb2 59. Rh7 Kd6 60. Rxf7 Ke5
61. Re7+ 1/2-1/2

[Event "Poikovsky Karpov 14th"]
[Site "Poikovsky"]
[Date "2013.09.04"]
[Round "7"]
[White "Eljanov, Pavel"]
[Black "Sutovsky, Emil"]
[Result "1-0"]
[WhiteElo "2702"]
[BlackElo "2660"]
[Annotator "CB"]
[PlyCount "99"]
[EventDate "2013.08.28"]
[EventType "tourn"]
[EventRounds "9"]
[EventCountry "RUS"]
[EventCategory "18"]
[SourceTitle "CBM 156"]
[Source "ChessBase"]
[SourceDate "2013.09.17"]
[SourceVersion "1"]
[SourceVersionDate "2013.09.17"]
[SourceQuality "1"]

1. c4 Nf6 2. Nc3 e5 3. Nf3 Nc6 4. g3 Bb4 5. Bg2 (5. Nd5) 5... O-O 6. O-O d6 ({
Die Alternative ist} 6... e4 7. Ng5 Bxc3 8. bxc3 Re8 9. f3 (9. d3) {mit der
berühmten Partie} 9... e3 10. d3 d5 11. Qb3 Na5 12. Qa3 c6 13. cxd5 cxd5 14.
f4 Nc6 15. Rb1 Qc7 16. Bb2 Bg4 17. c4 dxc4 18. Bxf6 gxf6 19. Ne4 Kg7 20. dxc4
Rad8 21. Rb3 Nd4 22. Rxe3 Qxc4 23. Kh1 Nf5 24. Rd3 Bxe2 25. Rxd8 Rxd8 26. Re1
Re8 27. Qa5 b5 28. Nd2 Qd3 29. Nb3 Bf3 30. Bxf3 Qxf3+ 31. Kg1 Rxe1+ 32. Qxe1
Ne3 {0-1 (32) Kasparov,G (2740)-Karpov,A (2700) Seville 1987}) 7. d3 h6 8. Nd5
Bc5 9. e3 Bb6 ({Üblicher ist} 9... a6 {z.B.:} 10. b3 Ba7 11. Bb2 Nxd5 12. cxd5
Ne7 13. Nd2 f5 14. Rc1 f4 15. exf4 exf4 16. Rc4 Ng6 17. Ne4 Ne5 18. Bxe5 dxe5
19. Qa1 Bd4 20. Rxd4 exd4 21. Qxd4 f3 22. Bh1 Be6 23. Nc3 c6 24. d6 Bd5 25. Ne4
Qd7 26. Rd1 Rad8 27. Qe3 Qf7 28. h4 Qf5 29. Kh2 Rd7 30. Re1 g5 31. hxg5 hxg5
32. Qxg5+ Qxg5 33. Nxg5 Rxd6 34. Re3 Rdf6 35. Kg1 a5 36. Nh3 b5 37. Nf4 Rxf4
38. gxf4 Rxf4 39. Kf1 Kf7 40. Ke1 Kf6 41. Kd2 a4 42. bxa4 Rxa4 43. Bxf3 Rxa2+
44. Kc3 {1/2-1/2 (44) Anand,V (2786)-Gelfand,B (2755) Moscow 2013}) 10. Nd2
Nxd5 11. cxd5 Ne7 12. Nc4 c6 13. dxc6 Nxc6 14. Nxb6 Qxb6 15. b3 Bf5 16. Bb2
Rac8 17. Qd2 Nb4 18. Bc3 a5 (18... Nxd3 19. e4 Bd7 20. Qxd3 Bb5 21. Qf3 Bxf1
22. Bxf1 $16) 19. e4 Bd7 20. Rfd1 Rxc3 {Das Qualitätsopfer war keinesfalls
erzwungen.. Die folgende forcierte Variante führt in Endspiel, das sich für
Schwarz zumindest als schwierig zu spielen erweist.} (20... Bg4 $5) (20... Rc6
$5) 21. Qxc3 Rc8 22. Qd2 Rc2 23. Qe3 Qxe3 24. fxe3 Nxa2 25. Rf1 {Um über f2
den Turm zu tauschen.} (25. d4 Nc3 26. Re1 b6 $11) 25... Be6 26. Bf3 Rd2 (26...
Bxb3 $2 27. Bd1 $18) (26... Nb4 $5 {mit der Idee mit der Idee} 27. Rxa5 (27. d4
b6 28. d5 Bh3 29. Rfc1 (29. Rf2 $2 Rc3) 29... Rb2 30. Rab1 Ra2 31. Rc7 b5 $11)
27... Nxd3 28. Ra7 b5 29. Rb7 b4 $11) 27. Rf2 Rxf2 28. Kxf2 Bxb3 29. Bd1 Be6 (
29... Bxd1 $5 30. Rxd1 Kf8 31. Ra1 (31. Rb1 Nb4) 31... Nb4 32. Ke2 (32. Rxa5
Nxd3+ 33. Kf3 Nc5 $11) 32... Nc6 33. Kd2 {mit vielleicht besseren Chancen als
in der Partie.}) 30. d4 Nc3 (30... Bc4 31. Be2 Bb3 32. Ke1 $16) 31. Bc2 Ba2 ({
Auch nach} 31... b6 {geht ein Bauer am Damenflügel verloren, z.B.:} 32. d5 Bd7
33. Ra3 Nb5 34. Rb3 a4 35. Rb4 a3 36. Ra4 Kf8 37. Bd3) 32. Bd3 ({In Betracht
kam auch} 32. Ke1 b5 33. Kd2 b4 34. Kc1 Kf8 ({oder} 34... a4 35. Bxa4 Nxa4 36.
Rxa2 Nc3 37. Rb2 exd4 38. exd4 Nxe4 39. Rxb4 $16) 35. Kb2 a4 36. Bxa4 Nxa4+ 37.
Kxa2 Nc3+ 38. Kb3 Nxe4 39. Kxb4 Nf6 {mit guten Gewinnchancen für Weiß.})
32... b5 33. Bxb5 Nxb5 ({Etwas besser ist} 33... Nxe4+ 34. Ke1 Bd5 35. Rxa5 Kf8
36. Bd3 Nf6 37. Ra7 $16) 34. Rxa2 Nc3 35. Rxa5 Nxe4+ 36. Kf3 Ng5+ {Schwarz
schafft es in der Folge nicht, eine Festung ausfzubauen und auf dem freien
Feld zeigt sich der Springer hier gegen Tum und König als deutlich unterlegen.
} 37. Ke2 exd4 38. Ra8+ Kh7 39. exd4 {Nun droth einfach Td8} f5 40. Ke3 Kg6 41.
h4 Ne4 42. Kf4 Nc3 43. Ra6 Ne2+ (43... Ne4 44. g4 $18) 44. Ke3 Nxg3 45. Rxd6+
Kf7 46. Kf4 Ne4 47. Ra6 Nd2 (47... g6 48. h5 $18) 48. Kxf5 Nf3 49. Ra7+ Kf8 50.
d5 1-0

[Event "Cappelle op 29th"]
[Site "Cappelle la Grande"]
[Date "2013.02.26"]
[Round "5"]
[White "Grigoryan, Karen H"]
[Black "Sasikiran, Krishnan"]
[Result "1-0"]
[WhiteElo "2531"]
[BlackElo "2677"]
[Annotator "CB"]
[PlyCount "97"]
[EventDate "2013.02.23"]
[EventType "swiss"]
[EventRounds "9"]
[EventCountry "FRA"]
[SourceTitle "CBM 153 Extra"]
[Source "ChessBase"]
[SourceDate "2013.04.22"]
[SourceVersion "1"]
[SourceVersionDate "2013.04.22"]
[SourceQuality "1"]

1. c4 Nf6 2. Nc3 e5 3. g3 d5 4. cxd5 Nxd5 5. Bg2 Nb6 6. Nf3 Nc6 7. O-O Be7 {
Die Sizilianische Drachenvariante mit vertauschten Farben.} 8. a3 (8. d3 O-O 9.
a3 Be6 {ist nur Zugumstellung.}) 8... O-O 9. b4 Be6 10. d3 f6 11. Bb2 (11. Rb1
Nd4 12. Nd2 c6 {kommt auch häufig vor, z.B.:} 13. Nde4 Bf7 14. Nc5 Qc7 15. Be3
a5 16. Qd2 axb4 17. axb4 Nd7 18. N5e4 f5 19. Bg5 Qd8 20. Bxe7 Qxe7 21. Ng5 Ra3
22. Rfc1 Nb3 23. Qb2 Nxc1 24. Qxa3 Nxe2+ 25. Nxe2 Qxg5 26. Qa7 Qd2 27. Qxb7 Nb8
28. b5 Qc3 29. Nxc3 {1-0 (29) Aronian,L (2808)-Gelfand,B (2733) Monte Carlo
2011}) 11... Qd7 ({Mit} 11... a5 12. b5 Nd4 {hat Schwarz statistisch ganz gute
Erfolge erzielt (45% aus Sicht von Weiß). Ein aktuelles Beispiel auf
Topniveau:} 13. Nxd4 exd4 14. Nb1 Bd5 15. Nd2 Bxg2 16. Kxg2 Qd5+ 17. Nf3 Qxb5
18. Bxd4 a4 19. Qb1 Qd5 20. Bxb6 cxb6 21. Qxb6 Rfc8 22. Rfb1 Rc3 23. Qxb7 Qxb7
24. Rxb7 Bxa3 25. Nd4 Bf8 26. Ra2 Ra6 27. f4 Bc5 28. Nb5 Rc1 29. Nc7 Rg1+ 30.
Kh3 Rc6 31. f5 a3 32. Ne6 Bd6 33. Rxg7+ Kh8 34. Rd7 Kg8 35. Rg7+ Kh8 36. Ra7
Rc8 37. Rc2 Rg8 38. Nf4 Rb1 39. Rc4 Rgb8 40. Nh5 Bf8 41. Nxf6 R1b7 42. Rca4 Bc5
43. R7a6 Kg7 44. Ne4 Bb4 45. Nd6 Rb6 46. Rxb6 Rxb6 47. Nc4 Rb5 48. e4 Bf8 49.
e5 Rd5 50. Ra7+ Kh6 51. f6 Kg6 52. Ra8 Bb4 53. Rg8+ Kf7 54. Rg7+ Ke6 55. Ra7
Rxd3 56. Ra6+ Kf7 57. Ra4 Bc5 58. Kg4 Kg6 59. Nxa3 {1/2-1/2 (59) Kramnik,V 
(2785) -Karjakin,S (2776) Monte Carlo 2011}) 12. Ne4 Rfd8 13. Qc2 Qe8 {Die
Neuerung in dieser Partie.} (13... a6) 14. b5 Na5 15. a4 c5 16. bxc6 (16. Nfd2
c4 {hätte Schwarz gefallen.}) 16... Rac8 ({Einfach} 16... Nxc6 {war auch in
Ordnung für Schwarz.}) 17. c7 Rd7 18. d4 Nb3 {Schwarz ist ehrgeizig.} (18...
Rdxc7 19. Qb1 Nb3 20. dxe5 {führt zum gleichen Ergebnis.}) (18... exd4 19.
Nxd4 Rcxc7 20. Qb1 Bf7 21. e3 {mit Ausgleich.}) 19. dxe5 {Praktisch erzwungen.}
({Nach} 19. Rad1 Rdxc7 20. Qb1 exd4 {steht Schwarz besser.}) 19... Nxa1 20.
Bxa1 Rdxc7 (20... Rcxc7 21. Qb1 Qf7 22. exf6 gxf6 23. Nd4 (23. a5 Nc4 24. Bc3
Nd6) 23... Nxa4 24. Nxe6 Qxe6 {war vielleicht die bessere Alternative.}) 21.
Qb1 Qg6 (21... Qf7 $5 {hält den Le6 gedeckt.} 22. exf6 gxf6) 22. exf6 Bxf6 (
22... gxf6 $5) 23. Bxf6 gxf6 24. Nd4 {Und plötzlich hat Weiß starkes Spiel
mit seinen Leichtfiguren im Zentrum, während die schwarzen Türme recht
wirkungslos sind.} Bd5 25. a5 Nc4 26. Nxf6+ Qxf6 27. Bxd5+ Kh8 28. Bxc4 Qxd4 (
28... Rxc4 29. e3 {ebenfalls mit gutem weißen Spiel.}) 29. Bd3 Rf8 30. Be4 Re7
31. Bf3 {Am Ende werden die vier weißen Bauern am Königsflügel das Spiel
entscheiden.} Rf6 32. Rd1 Qc3 33. Qb5 h6 34. Bxb7 Qe5 35. Rd8+ Kg7 36. Qc4 Rf8
37. Rxf8 Kxf8 38. a6 Rc7 39. Qb4+ Kg7 40. Qg4+ Kf8 41. Kg2 Rf7 42. Qc4 Kg7 43.
Be4 Rc7 44. Qd5 Qxd5 45. Bxd5 Rc3 46. Be4 Kf6 47. f4 Ra3 48. Bd3 Ra1 49. g4 1-0